000 00851nam a2200253 i 4500
001 185880
003 ES-MaACL
005 20230906222534.0
008 160817s1985 xxkfo |||| |beng d
020 _a0-19-281436-2
080 _a929 De Quincey, Thomas
100 1 _aLindop, Grevel (
_d1948-)
_9160503
245 1 4 _aThe opium-eater
_b: a life of Thomas De Quincey /
_cGrevel Lindop.
260 _aOxford :
_bOxford University Press,
_c1985.
300 _aXIV, 433 p., [8] p. de lám. fot. ;
_c20 cm.
490 1 _aOxford paperbacks
500 _aÍndices.
504 _aBibliografía: p. 409-415.
595 _a1st issued as an Oxford University Press paperback.
600 1 4 _aDe Quincey, Thomas.
_943071
830 0 _aOxford paperbacks
_9192423
852 _aES-MaACL
_jL-30566
_z. - Donat. Miguel A. Velasco
999 _c185880
_d185880